UBT Library

The land and wildlife of tropical Asia, (Record no. 41007)

000 -LEADER
fixed length control field 00574cam a22002171 4500
001 - CONTROL NUMBER
control field 279474
005 - DATE AND TIME OF LATEST TRANSACTION
control field 20180126075918.0
008 - FIXED-LENGTH DATA ELEMENTS--GENERAL INFORMATION
fixed length control field 711216s1964 nyuab b 000 0 eng
010 ## - LIBRARY OF CONGRESS CONTROL NUMBER
LC control number 64025408
040 ## - CATALOGING SOURCE
Original cataloging agency DLC
Transcribing agency DLC
Modifying agency DLC
041 ## - LANGUAGE CODE
Language code of text/sound track or separate title eng
043 ## - GEOGRAPHIC AREA CODE
Geographic area code as-----
080 ## - UNIVERSAL DECIMAL CLASSIFICATION NUMBER
Universal Decimal Classification number 574.959 RIP
082 00 - DEWEY DECIMAL CLASSIFICATION NUMBER
Classification number 574.959 RIP
100 1# - Rafti
Rafti 9
101 ## - Shkurtesa
Shkurtesa MJE
245 14 - TITLE STATEMENT
Title The land and wildlife of tropical Asia,
Statement of responsibility, etc by S. Dillon Ripley and the editors of Life.
504 ## - BIBLIOGRAPHY, ETC. NOTE
Bibliography, etc Bibliography: p. 193.
906 ## - LOCAL DATA ELEMENT F, LDF (RLIN)
a 7
b cbc
c orignew
d u
e ocip
f 19
g y-gencatlg
942 ## - ADDED ENTRY ELEMENTS (KOHA)
Source of classification or shelving scheme
Item type Books
Holdings
Withdrawn status Lost status Source of classification or shelving scheme Damaged status Not for loan Collection code Permanent location Current location Shelving location Date acquired Total Checkouts Full call number Barcode Date last seen Price effective from Koha item type
          Koleksioni i përgjithshem UBT - Lipjan UBT - Lipjan Koleksioni i përgjithshem 01/26/2018   574.959 RIP 002-2996583 01/26/2018 01/26/2018 Books
UBT Library © 2015-2024. All rights reserved University Education for Business and Technology